00526nam a22001337a 4500082001200000100002500012245011100037260004100148650003100189700004400220942000700264999001900271952010200290 a200 THE aWALEED HAYAT 969467 aTH-SOF-1553-An analysis of factors affecting the performance of projects in Oil and Gas Sector of Pakistan aISLAMABADbNUST COLLEGE OF EMEc2018 aMS-EM-9 MSTHESIS 969389 aADVISOR DR. TASWEER HUSSAIN SHAH969468 cCF c576730d576730 001040708REFaCEMEbCEMEcREFd2019-12-20l0o200 THEpTH-SOF-1553r2021-06-28w2021-06-28yCF